Digital electronics (Record no. 59083)
[ view plain ]
| 000 -LEADER | |
|---|---|
| fixed length control field | 00589nam a22001937a 4500 |
| 003 - CONTROL NUMBER IDENTIFIER | |
| control field | OSt |
| 005 - DATE AND TIME OF LATEST TRANSACTION | |
| control field | 20150415020008.0 |
| 008 - FIXED-LENGTH DATA ELEMENTS--GENERAL INFORMATION | |
| fixed length control field | 140522b xxu||||| |||| 00| 0 eng d |
| 040 ## - CATALOGING SOURCE | |
| Original cataloging agency | DLC |
| Language of cataloging | DLC |
| Transcribing agency | DLC |
| Modifying agency | DLC |
| 050 ## - LIBRARY OF CONGRESS CALL NUMBER | |
| Classification number | TK 7868 |
| Item number | .D5D84 2012 |
| 100 ## - MAIN ENTRY--PERSONAL NAME | |
| Personal name | Duek, Robert K. |
| 9 (RLIN) | 27004 |
| 245 ## - TITLE STATEMENT | |
| Title | Digital electronics |
| Statement of responsibility, etc | Robert K. Duek and Kenneth J. Reid |
| 260 ## - PUBLICATION, DISTRIBUTION, ETC. (IMPRINT) | |
| Place of publication, distribution, etc | Clifton Part, New York |
| Name of publisher, distributor, etc | Delmar, Cengage Learning |
| Date of publication, distribution, etc | c2012 |
| 300 ## - PHYSICAL DESCRIPTION | |
| Extent | xiii, 450p. |
| Other physical details | ill. |
| Dimensions | 29cm |
| 504 ## - BIBLIOGRAPHY, ETC. NOTE | |
| Bibliography, etc | Includes index |
| 650 ## - SUBJECT ADDED ENTRY--TOPICAL TERM | |
| Topical term or geographic name as entry element | Digital electronics |
| 9 (RLIN) | 27005 |
| 700 ## - ADDED ENTRY--PERSONAL NAME | |
| Personal name | Reid, Kenneth J. |
| 9 (RLIN) | 27006 |
| 942 ## - ADDED ENTRY ELEMENTS (KOHA) | |
| Source of classification or shelving scheme | Library of Congress Classification |
| Koha item type | Books |
| Koha issues (borrowed), all copies | 4 |
| Withdrawn status | Lost status | Source of classification or shelving scheme | Damaged status | Not for loan | Collection code | Home library | Current library | Shelving location | Date acquired | Cost, normal purchase price | Total Checkouts | Full call number | Barcode | Date last seen | Date checked out | Copy number | Price effective from | Koha item type | Source of acquisition |
|---|---|---|---|---|---|---|---|---|---|---|---|---|---|---|---|---|---|---|---|
| Library of Congress Classification | General Circulation | AIU/NEGST - Tony Wilmot Memorial Library | AIU/NEGST - Tony Wilmot Memorial Library | General Stacks | 05/22/2014 | 51.95 | 2 | TK 7868 .D5D84 2012 | R28866X3232 | 09/26/2019 | 04/14/2015 | 1 | 05/22/2014 | Books | |||||
| Library of Congress Classification | General Circulation | AIU/NEGST - Tony Wilmot Memorial Library | AIU/NEGST - Tony Wilmot Memorial Library | General Stacks | 05/30/2014 | 103.90 | 2 | TK 7868.D5D84 2012 | R29164J3232 | 09/26/2019 | 03/16/2015 | 2 | 05/30/2014 | Books | Purchase -TBN |
